[Event "Barcelona Sant Marti op 10th"]
[Site "Barcelona"]
[Date "2023.01.26"]
[Round "3"]
[White "Vila Sero, Claudia"]
[Black "Donas Perez, Emilio"]
[Result "0-1"]
[WhiteElo "1396"]
[BlackElo "1796"]
[PlyCount "162"]
[EventDate "2023.01.12"]
[EventType "swiss"]
[EventRounds "9"]
[EventCountry "ESP"]
[SourceTitle "CBM 213 Extra"]
[Source "ChessBase"]
[SourceDate "2023.05.31"]
[SourceVersion "1"]
[SourceVersionDate "2023.05.31"]
[SourceQuality "1"]

1. d4 d5 2. Bf4 e6 3. Nf3 Nf6 4. h3 Bd6 5. Ne5 0-0 6. e3 b6 7. Bd3 Ba6 8. 0-0 Bxd3 9. cxd3 Nfd7 10. Nd2 f6 11. Nxd7 Qxd7 12. Bxd6 Qxd6 13. Rc1 Nd7 14. a3 e5 15. dxe5 Nxe5 16. Nf3 c5 17. d4 Nxf3+ 18. Qxf3 c4 19. Rc3 b5 20. Ra1 Rfe8 21. Rc2 Qe6 22. Rc3 Qe4 23. Qg3 Qe7 24. Qf3 Qe6 25. Qg3 Qd7 26. Qf3 a5 27. Rcc1 b4 28. axb4 axb4 29. Rxa8 Rxa8 30. Kh2 Ra2 31. Rb1 Qd6+ 32. g3 Qe6 33. Kg2 Qe4 34. Qxe4 dxe4 35. g4 Ra7 36. Rc1 Ra2 37. Rxc4 Rxb2 38. Kg3 b3 39. Rb4 Rb1 40. Kf4 Kf7 41. Kxe4 b2 42. d5 Ke7 43. f4 g6 44. h4 Kd6 45. Rb5 h5 46. f5 Rg1 47. Rxb2 Rxg4+ 48. Kf3 gxf5 49. Rb5 Rxh4 50. Rb6+ Kxd5 51. Rxf6 Ke5 52. Rf8 Rg4 53. Rh8 h4 54. Re8+ Kf6 55. Rf8+ Ke6 56. Rh8 Kf7 57. Rh5 Kg6 58. Rh8 Rg3+ 59. Kf2 Rh3 60. Ke2 Rh1 61. Kf2 Rh3 62. Ke2 Rh2+ 63. Kf1 Kg5 64. Rg8+ Kh5 65. Rh8+ Kg4 66. Kg1 Re2 67. Rg8+ Kf3 68. Rf8 Rg2+ 69. Kf1 Rg5 70. Rh8 Kg3 71. Kg1 h3 72. Kf1 h2 73. Rh7 Rg4 74. Rh8 Rh4 75. Rxh4 Kxh4 76. Kg2 Kg4 77. Kxh2 Kf3 78. Kg1 Kxe3 79. Kf1 f4 80. Kg2 Ke2 81. Kg1 f3 0-1

[Event "Sant Adria de Besos op"]
[Site "Sant Adria de Besos"]
[Date "2022.08.18"]
[Round "9"]
[White "Morales Montalban, Miguel"]
[Black "Donas Perez, Emilio"]
[Result "1/2-1/2"]
[WhiteElo "2009"]
[BlackElo "1804"]
[PlyCount "113"]
[EventDate "2022.08.11"]
[EventType "swiss"]
[EventRounds "9"]
[EventCountry "ESP"]
[SourceTitle "CBM 209 Extra"]
[Source "ChessBase"]
[SourceDate "2022.09.30"]
[SourceVersion "1"]
[SourceVersionDate "2022.09.30"]
[SourceQuality "1"]

1. Nf3 Nf6 2. g3 e6 3. Bg2 d5 4. 0-0 Be7 5. d3 0-0 6. Nbd2 c5 7. e4 dxe4 8. dxe4 Qc7 9. c3 Nc6 10. Re1 b5 11. Qc2 Bb7 12. e5 Nd7 13. Ne4 Rfd8 14. Bf4 Qb6 15. Rad1 Nf8 16. h4 Rxd1 17. Rxd1 Rd8 18. h5 Rxd1+ 19. Qxd1 Qd8 20. Qxd8 Nxd8 21. Nfd2 c4 22. Be3 Nd7 23. f4 a6 24. a4 Bd5 25. axb5 axb5 26. Kf2 Nb7 27. Bf3 h6 28. Bd4 f5 29. exf6 gxf6 30. Nf1 f5 31. Ned2 Bxf3 32. Nxf3 Bd6 33. Ke3 Nbc5 34. N1d2 Kf7 35. Ne5+ Bxe5 36. fxe5 Nd3 37. b3 N3xe5 38. Bxe5 Nxe5 39. bxc4 Nxc4+ 40. Nxc4 bxc4 41. Kd4 Ke7 42. Kxc4 Kd6 43. Kd4 e5+ 44. Ke3 Kc5 45. Kf3 Kc4 46. g4 fxg4+ 47. Kxg4 Kxc3 48. Kf5 Kd4 49. Kg6 e4 50. Kxh6 e3 51. Kg7 e2 52. h6 e1Q 53. h7 Qe7+ 54. Kg8 Qg5+ 55. Kh8 Qh6 56. Kg8 Qxh7+ 57. Kxh7 1/2-1/2

[Event "Sant Adria de Besos op"]
[Site "Sant Adria de Besos"]
[Date "2022.08.17"]
[Round "8"]
[White "Donas Perez, Emilio"]
[Black "Campillo Lopez, Ricardo Bienavent"]
[Result "1/2-1/2"]
[WhiteElo "1804"]
[BlackElo "1593"]
[PlyCount "160"]
[EventDate "2022.08.11"]
[EventType "swiss"]
[EventRounds "9"]
[EventCountry "ESP"]
[SourceTitle "CBM 209 Extra"]
[Source "ChessBase"]
[SourceDate "2022.09.30"]
[SourceVersion "1"]
[SourceVersionDate "2022.09.30"]
[SourceQuality "1"]

1. d4 Nf6 2. Bf4 g6 3. Nc3 d5 4. e3 Bg7 5. Be2 0-0 6. Nf3 a6 7. Ne5 Nc6 8. h4 h5 9. f3 Nxe5 10. Bxe5 Ne8 11. Bxg7 Nxg7 12. g4 Qd6 13. f4 Qe6 14. Qd2 hxg4 15. 0-0-0 f5 16. Bd3 b5 17. Kb1 Bb7 18. Ne2 Nh5 19. Nc1 Qb6 20. Nb3 Kg7 21. Nc5 Rh8 22. Rdg1 Nf6 23. Qb4 Kf7 24. a4 Bc6 25. a5 Qb8 26. Qb3 Ke8 27. Qc3 Bd7 28. b4 c6 29. Qd2 Qd6 30. Nb7 Qe6 31. Nc5 Qf7 32. c3 e6 33. Bc2 Bc8 34. Qe1 Ke7 35. Nd3 Bb7 36. Nc5 Kd6 37. Rh2 Rh6 38. Rgh1 Rah8 39. Qg3 Bc8 40. Qe1 Qh7 41. Bd3 Kc7 42. Qe2 Qg7 43. Bc2 Qe7 44. Qe1 Rh5 45. Qf2 Ne8 46. Nd3 Nd6 47. Ne5 Qf6 48. Bd3 Ne8 49. Bc2 R5h6 50. Nd3 Qe7 51. Ne5 Nf6 52. Qg3 Nh5 53. Qe1 Nf6 54. Qg3 Ne8 55. Qe1 Nd6 56. Bd3 Bb7 57. Qg3 Qf6 58. Qf2 Nc8 59. Qg3 Ne7 60. Qf2 Bc8 61. Qg3 Ng8 62. Qf2 Qe7 63. Qg3 Nf6 64. Kb2 Nh7 65. h5 Nf8 66. Nxg6 Nxg6 67. hxg6 Qg7 68. Rxh6 Rxh6 69. Rxh6 Qxh6 70. Bf1 Kd6 71. Kc2 Ke7 72. Kd2 Kf6 73. Ke2 Kxg6 74. Bg2 Bd7 75. Kf2 Be8 76. Kg1 Kg7 77. Qh2 Qg6 78. Kf2 Qh5 79. Qxh5 Bxh5 80. Kg3 Kh6 1/2-1/2

[Event "Barcelona Vila de Gracia op 25th"]
[Site "Barcelona"]
[Date "2021.11.12"]
[Round "7"]
[White "Donas Perez, Emilio"]
[Black "Arroyo Mateo, Jose Miguel"]
[Result "1/2-1/2"]
[WhiteElo "1741"]
[BlackElo "1810"]
[PlyCount "34"]
[EventDate "2021.10.01"]
[EventType "swiss"]
[EventRounds "9"]
[EventCountry "ESP"]
[SourceTitle "EXT 2023"]
[Source "ChessBase"]
[SourceDate "2022.10.05"]
[SourceVersion "1"]
[SourceVersionDate "2022.10.05"]
[SourceQuality "1"]

1. d4 g6 2. Nc3 Bg7 3. e4 d6 4. Be3 a6 5. Qd2 b5 6. h4 h5 7. 0-0-0 Bb7 8. f3 Nd7 9. Nh3 c5 10. dxc5 Nxc5 11. Bd4 Nf6 12. e5 Nfd7 13. exd6 e5 14. Be3 Rc8 15. Kb1 Ne6 16. Ng5 Nd4 17. Bd3 Qa5 1/2-1/2

[Event "Barcelona Sant Marti op 9th"]
[Site "Barcelona"]
[Date "2020.01.30"]
[Round "3"]
[White "Tomas Martinez, Angel"]
[Black "Donas Perez, Emilio"]
[Result "0-1"]
[WhiteElo "1522"]
[BlackElo "1765"]
[PlyCount "74"]
[EventDate "2020.01.16"]
[EventType "swiss"]
[EventRounds "9"]
[EventCountry "ESP"]
[SourceTitle "CBM 195 Extra"]
[Source "ChessBase"]
[SourceDate "2020.05.31"]
[SourceVersion "1"]
[SourceVersionDate "2020.05.31"]
[SourceQuality "1"]

1. e4 d5 2. exd5 Qxd5 3. Nc3 Qa5 4. Nf3 Nf6 5. Bc4 Bf5 6. 0-0 e6 7. d3 c6 8. Bd2 Qc7 9. Bb3 Be7 10. Ne2 h6 11. Ng3 Bh7 12. Re1 Nbd7 13. d4 0-0 14. c3 Rfd8 15. Bc2 Bxc2 16. Qxc2 Bd6 17. Ne4 Bf4 18. Qc1 Bxd2 19. Qxd2 Nxe4 20. Rxe4 c5 21. Rae1 cxd4 22. Rxd4 Nf6 23. Rd1 Rxd4 24. Qxd4 Qa5 25. a3 Qb5 26. c4 Qa4 27. Rd2 Rc8 28. Ne5 b5 29. Qd6 Ne4 30. Qd7 Nxd2 31. Qxc8+ Kh7 32. h3 Qd1+ 33. Kh2 Qe1 34. Qc5 Nf1+ 35. Kg1 Ne3+ 36. Kh2 Qxf2 37. Qc6 Qf4+ 0-1

[Event "Sant Adria de Besos op-B 3rd"]
[Site "Sant Adria de Besos"]
[Date "2019.08.21"]
[Round "8"]
[White "Donas Perez, Emilio"]
[Black "Fungueirino Pique, Daniel"]
[Result "1-0"]
[WhiteElo "1797"]
[BlackElo "1613"]
[PlyCount "46"]
[EventDate "2019.08.14"]
[EventType "swiss"]
[EventRounds "9"]
[EventCountry "ESP"]
[SourceTitle "EXT 2020"]
[Source "ChessBase"]
[SourceDate "2019.10.17"]
[SourceVersion "1"]
[SourceVersionDate "2019.10.17"]
[SourceQuality "1"]

1. c4 e5 2. Nc3 Nf6 3. g3 Nc6 4. Bg2 Bc5 5. e3 0-0 6. d3 a6 7. Nge2 d6 8. 0-0 Ne7 9. d4 exd4 10. Nxd4 c6 11. a3 Rb8 12. b4 Ba7 13. Bb2 Nf5 14. Nxf5 Bxf5 15. Qd2 Be6 16. Qe2 Qc7 17. Rac1 Rbd8 18. Nd5 Bxd5 19. cxd5 c5 20. Bxf6 gxf6 21. Qg4+ Kh8 22. Qh4 Qe7 23. Be4 f5 1-0

[Event "Sant Adria de Besos op-B 3rd"]
[Site "Sant Adria de Besos"]
[Date "2019.08.16"]
[Round "3"]
[White "Donas Perez, Emilio"]
[Black "Martinez Hernandez, Emili"]
[Result "1/2-1/2"]
[WhiteElo "1797"]
[BlackElo "1702"]
[PlyCount "40"]
[EventDate "2019.08.14"]
[EventType "swiss"]
[EventRounds "9"]
[EventCountry "ESP"]
[SourceTitle "EXT 2020"]
[Source "ChessBase"]
[SourceDate "2019.10.17"]
[SourceVersion "1"]
[SourceVersionDate "2019.10.17"]
[SourceQuality "1"]

1. c4 e6 2. Nc3 c5 3. e4 Ne7 4. d4 cxd4 5. Qxd4 Nbc6 6. Qd1 g6 7. Nf3 Bg7 8. Be3 0-0 9. Qd2 f5 10. Bh6 fxe4 11. Bxg7 Kxg7 12. Nxe4 Qa5 13. Nc3 Nf5 14. Be2 Qc5 15. Rd1 Ne5 16. 0-0 Nxf3+ 17. Bxf3 Qxc4 18. b3 Qb4 19. Qb2 Kg8 20. Ne2 Qh4 1/2-1/2

[Event "Barcelona Sant Marti op-B 21st"]
[Site "Barcelona"]
[Date "2019.07.17"]
[Round "5"]
[White "Clanchet Olle, Josep"]
[Black "Donas Perez, Emilio"]
[Result "1-0"]
[WhiteElo "1696"]
[BlackElo "1838"]
[PlyCount "75"]
[EventDate "2019.07.13"]
[EventType "swiss"]
[EventRounds "9"]
[EventCountry "ESP"]
[SourceTitle "EXT 2020"]
[Source "ChessBase"]
[SourceDate "2019.10.17"]
[SourceVersion "1"]
[SourceVersionDate "2019.10.17"]
[SourceQuality "1"]

1. e4 d5 2. exd5 Qxd5 3. Nc3 Qd8 4. Bc4 Nf6 5. Nf3 Bf5 6. 0-0 e6 7. d4 c6 8. Bf4 Be7 9. a3 0-0 10. Bd3 Bxd3 11. Qxd3 Bd6 12. Bxd6 Qxd6 13. Ne4 Nxe4 14. Qxe4 Nd7 15. Rfe1 Rad8 16. Rad1 Rfe8 17. Ne5 Nxe5 18. Qxe5 Qxe5 19. dxe5 Kf8 20. f4 Ke7 21. Kf2 Rd5 22. c4 Rxd1 23. Rxd1 Rd8 24. Rxd8 Kxd8 25. Ke3 c5 26. g4 Kc7 27. f5 Kc6 28. Kf4 Kd7 29. f6 gxf6 30. exf6 h6 31. Ke5 Ke8 32. h4 Kf8 33. b4 cxb4 34. axb4 b6 35. g5 hxg5 36. hxg5 a5 37. c5 Ke8 38. cxb6 1-0

[Event "Barcelona Sant Marti op-B 21st"]
[Site "Barcelona"]
[Date "2019.07.13"]
[Round "1"]
[White "Torres Teruel, Joan"]
[Black "Donas Perez, Emilio"]
[Result "0-1"]
[WhiteElo "1455"]
[BlackElo "1838"]
[PlyCount "160"]
[EventDate "2019.07.13"]
[EventType "swiss"]
[EventRounds "9"]
[EventCountry "ESP"]
[SourceTitle "EXT 2020"]
[Source "ChessBase"]
[SourceDate "2019.10.17"]
[SourceVersion "1"]
[SourceVersionDate "2019.10.17"]
[SourceQuality "1"]

1. d4 Nf6 2. Nf3 e6 3. c4 Bb4+ 4. Bd2 Qe7 5. a3 Bxd2+ 6. Nbxd2 b6 7. g3 Bb7 8. Bg2 d6 9. 0-0 0-0 10. Qc2 Nbd7 11. e4 e5 12. d5 Rfe8 13. Ne1 Rac8 14. Nd3 c6 15. Qa4 a6 16. Rac1 Rc7 17. b4 cxd5 18. cxd5 Rec8 19. Rxc7 Rxc7 20. Rc1 Qd8 21. Qb3 Rxc1+ 22. Nxc1 Qc7 23. Qc4 Qb8 24. Ncb3 Kf8 25. Kf1 Ke7 26. Kg1 Kd8 27. Bf1 Ke7 28. Kg2 Qa8 29. Bd3 Nxd5 30. exd5 Bxd5+ 31. Be4 Bxe4+ 32. Qxe4 Qxe4+ 33. Nxe4 f5 34. Nc3 Ke6 35. Kf3 d5 36. Ke2 d4 37. Na4 Kd5 38. Nb2 e4 39. f4 h6 40. h4 Nf6 41. Nd2 d3+ 42. Ke1 Kd4 43. Ndc4 Kc3 44. Ne3 Kxb2 45. Kd2 g6 46. Nc4+ Kb3 47. Nxb6 Kxa3 48. Kc3 Nh5 49. Nc4+ Ka4 50. Ne5 Nxg3 51. Nxg6 Ne2+ 52. Kd2 Kxb4 53. Ne7 Nxf4 54. Nxf5 Ng2 55. h5 Nf4 56. Nxh6 Nxh5 57. Nf5 Nf6 58. Ng3 a5 59. Nxe4 Nxe4+ 60. Kxd3 Kb3 61. Kxe4 a4 62. Ke5 a3 63. Kd5 a2 64. Kd4 a1Q+ 65. Ke4 Kc3 66. Kd5 Kb4 67. Ke4 Kc4 68. Kf5 Qd4 69. Ke6 Qd5+ 70. Kf6 Kc5 71. Ke7 Qd6+ 72. Kf7 Kd5 73. Kg7 Qe6 74. Kh7 Ke5 75. Kg7 Kf5 76. Kh7 Qe8 77. Kg7 Qe7+ 78. Kh6 Qg5+ 79. Kh7 Kf6 80. Kh8 Qg7# 0-1

[Event "Sant Adria de Besos op 2nd B"]
[Site "Sant Adria de Besos"]
[Date "2018.08.14"]
[Round "6.3"]
[White "Donas Perez, Emilio"]
[Black "Losada Ferriz, Juan Manel"]
[Result "0-1"]
[WhiteElo "1747"]
[BlackElo "1827"]
[PlyCount "116"]
[EventDate "2018.08.10"]
[EventType "swiss"]
[EventRounds "9"]
[EventCountry "ESP"]
[SourceTitle "EXT 2024"]
[Source "ChessBase"]
[SourceDate "2023.10.10"]
[SourceVersion "1"]
[SourceVersionDate "2023.10.10"]
[SourceQuality "1"]

1. d4 d5 2. Bf4 Nf6 3. Nf3 Bf5 4. e3 Nh5 5. Bg5 h6 6. Bh4 g5 7. Nfd2 Bg6 8. Be2 Ng7 9. Bg3 Nf5 10. Bh5 Bxh5 11. Qxh5 Nxg3 12. hxg3 Nd7 13. c3 e5 14. Qe2 exd4 15. cxd4 c6 16. a3 Qe7 17. Nc3 0-0-0 18. 0-0-0 Kb8 19. Kb1 Qe6 20. g4 Bg7 21. Nf1 f5 22. gxf5 Qxf5+ 23. Ka1 Nf6 24. Ng3 Qg4 25. Nh5 Qxe2 26. Nxe2 Nxh5 27. Rxh5 Rhf8 28. Rf1 Rde8 29. Rh3 h5 30. Rf3 Rxf3 31. gxf3 Rf8 32. Ng1 Bh6 33. Kb1 Kc7 34. Kc2 Kd6 35. Kd3 b6 36. b4 Ra8 37. e4 a5 38. e5+ Kc7 39. b5 cxb5 40. Rb1 Kc6 41. Rc1+ Kb7 42. Rb1 b4 43. axb4 axb4 44. Rxb4 Ra3+ 45. Kc2 Ra2+ 46. Rb2 Ra1 47. Rb1 Ra2+ 48. Rb2 Ra4 49. Kd3 Ra3+ 50. Kc2 h4 51. Rb3 Ra2+ 52. Rb2 Ra4 53. Kc3 Rc4+ 54. Kd3 Rc1 55. Ne2 h3 56. Ng3 h2 57. Re2 Bf8 58. e6 Be7 0-1

[Event "Sant Adria de Besos op 2nd B"]
[Site "Sant Adria de Besos"]
[Date "2018.08.11"]
[Round "2.8"]
[White "Donas Perez, Emilio"]
[Black "Terrones Hernandez, Jonathan"]
[Result "1/2-1/2"]
[WhiteElo "1747"]
[BlackElo "1841"]
[PlyCount "73"]
[EventDate "2018.08.10"]
[EventType "swiss"]
[EventRounds "9"]
[EventCountry "ESP"]
[SourceTitle "EXT 2024"]
[Source "ChessBase"]
[SourceDate "2023.10.10"]
[SourceVersion "1"]
[SourceVersionDate "2023.10.10"]
[SourceQuality "1"]

1. d4 d5 2. Bf4 Nf6 3. e3 e6 4. Nf3 c5 5. c3 Be7 6. Nbd2 0-0 7. h3 b6 8. Bd3 Bb7 9. Ne5 Nbd7 10. 0-0 Ne4 11. Ndf3 Ndf6 12. Qe2 c4 13. Bc2 b5 14. a3 a5 15. Ng5 Nxg5 16. Bxg5 Nd7 17. Bxe7 Qxe7 18. f4 Nxe5 19. fxe5 f6 20. Qh5 g6 21. Qh4 Kg7 22. exf6+ Rxf6 23. Qxf6+ Qxf6 24. Rxf6 Kxf6 25. Rf1+ Kg7 26. Rf2 Rf8 27. Rxf8 Kxf8 28. Kf2 Kf7 29. Kf3 e5 30. h4 Bc6 31. g3 h6 32. Bd1 a4 33. Bc2 e4+ 34. Kg2 Bd7 35. Bd1 Kf6 36. Kf2 h5 37. Be2 1/2-1/2